| 000 | 00566cam a2200217 4500 | ||
|---|---|---|---|
| 008 | 090401t1988 xxu||||| |||| 00| 0 eng d | ||
| 020 | _a0412289105 | ||
| 035 | _a(Sirsi) u39476 | ||
| 041 | _aeng | ||
| 050 | _a624.00285 | ||
| 245 | _aExpert systems in construction and structural engineering | ||
| 260 |
_aLondon _bChapman and Hall _c1988 |
||
| 300 | _axxii,330p. ; 24cm. | ||
| 350 | _a30 | ||
| 650 | _aARTIFICIAL INTELLIGENCE | ||
| 650 | _aCIVIL ENGINEERING | ||
| 650 | _aCOMPUTERS | ||
| 700 |
_aAdeli, H. _xEditor |
||
| 942 | _n0 | ||
| 948 | _c04/03/1997 | ||
| 999 |
_c90782 _d90782 |
||